La Vida es bella (Record no. 67722)

MARC details
000 -LEADER
campo de control de longitud fija 02184cam a2200493 4500
001 - NÚMERO DE CONTROL
campo de control 1229
005 - FECHA Y HORA DE LA ÚLTIMA TRANSACCIÓN
campo de control 20230410123901.0
007 - CAMPO FIJO DE DESCRIPCIÓN FÍSICA--INFORMACIÓN GENERAL
campo de control de longitud fija vd cgaiz|
008 - DATOS DE LONGITUD FIJA--INFORMACIÓN GENERAL
campo de control de longitud fija 060907p1997 mx spa|d
035 ## - NÚMERO DE CONTROL DEL SISTEMA
-- funglode1235
028 42 - NÚMERO DE EDITOR O DISTRIBUIDOR
Número de editor o de distribuidor 17490
Fuente Miramax Home Entertainment
035 ## - NÚMERO DE CONTROL DEL SISTEMA
Número de control de sistema (OCoLC)50399832
041 1# - CÓDIGO DE IDIOMA
Código de lengua del texto/banda sonora o título independiente spa
Código de lengua original eng
050 14 - SIGNATURA TOPOGRÁFICA DE LA BIBLIOTECA DEL CONGRESO
Número de clasificación CM DVD 01316
082 00 - NÚMERO DE LA CLASIFICACIÓN DECIMAL DEWEY
Número de clasificación 791.43
049 ## - FONDOS LOCALES (OCLC)
Biblioteca depositaria GRAL
240 10 - TÍTULO UNIFORME
Título uniforme Life is beautiful
-- Español
245 03 - MENCIÓN DEL TÍTULO
Título La Vida es bella
Medio [videorecording] /
Mención de responsabilidad, etc. Miramax Films ; Cecchi Gori Group ; Mario and Vittorio Cecchi Gori present a Melampo Cinematografica production ; directed by Roberto Benigni.
260 ## - PUBLICACIÓN, DISTRIBUCIÓN, ETC.
Lugar de publicación, distribución, etc. [México] :
Nombre del editor, distribuidor, etc. Miramax Home Entertainment :
-- Distributed by Buena Vista Home Video,
Fecha de publicación, distribución, etc. [1997]
300 ## - DESCRIPCIÓN FÍSICA
Extensión 1 videodisc (ca. 116 min.) :
Otras características físicas sd., col. ;
Dimensiones 4 3/4 in.
500 ## - NOTA GENERAL
Nota general Título original. La vita é bella.
538 ## - NOTA DE DETALLES DEL SISTEMA
Nota de detalles del sistema DVD, Dolby surround.
546 ## - NOTA DE IDIOMA
Nota de lengua/lenguaje Audio idioma original, doblaje y subtítulo en español
500 ## - NOTA GENERAL
Nota general Widescreen (1.85:1).
511 1# - NOTA DE PARTICIPANTES O INTÉRPRETES
Nota de participantes o intérpretes Roberto Benigni, Nicoletta Braschi.
508 ## - NOTA DE CRÉDITOS DE CREACIÓN O PRODUCCIÓN
Nota de créditos de creación o producción Director, Roberto Benigni; story and screenplay by Vincenzo Cerami and Roberto Benigni; line producer, Mario Cotone; producers, Elda Ferri and Gianluigi Braschi.
500 ## - NOTA GENERAL
Nota general Originally produced in Italy in 1997 as a motion picture under title: La vita e bella.
520 ## - RESUMEN, ETC.
Sumario, etc. In 1930s Italy a bumbling Jewish waiter who's gifted with a colorful imagination and an irresistible sense of humor has won the heart of the woman he loves and has created a beautiful life for his young family. But that life is threatened by World War II.
650 #0 - PUNTO DE ACCESO ADICIONAL DE MATERIA--TÉRMINO DE MATERIA
Término de materia o nombre geográfico como elemento de entrada World War, 1939-1945
Subdivisión geográfica Italy
Subdivisión de forma Drama.
650 #0 - PUNTO DE ACCESO ADICIONAL DE MATERIA--TÉRMINO DE MATERIA
Término de materia o nombre geográfico como elemento de entrada Concentration camps
Subdivisión de forma Drama.
650 #0 - PUNTO DE ACCESO ADICIONAL DE MATERIA--TÉRMINO DE MATERIA
Término de materia o nombre geográfico como elemento de entrada Feature films.
650 #0 - PUNTO DE ACCESO ADICIONAL DE MATERIA--TÉRMINO DE MATERIA
Término de materia o nombre geográfico como elemento de entrada Motion pictures, Italian.
650 #0 - PUNTO DE ACCESO ADICIONAL DE MATERIA--TÉRMINO DE MATERIA
Término de materia o nombre geográfico como elemento de entrada Foreign films.
650 #0 - PUNTO DE ACCESO ADICIONAL DE MATERIA--TÉRMINO DE MATERIA
Término de materia o nombre geográfico como elemento de entrada Video recordings for the hearing impaired.
700 1# - ENTRADA AGREGADA--NOMBRE PERSONAL
Nombre de persona Benigni, Roberto.
700 1# - ENTRADA AGREGADA--NOMBRE PERSONAL
Nombre de persona Braschi, Nicoletta,
Fechas asociadas al nombre 1960-
700 1# - ENTRADA AGREGADA--NOMBRE PERSONAL
Nombre de persona Ferri, Elda.
700 1# - ENTRADA AGREGADA--NOMBRE PERSONAL
Nombre de persona Braschi, Gianluigi.
700 1# - ENTRADA AGREGADA--NOMBRE PERSONAL
Nombre de persona Cerami, Vincenzo,
Fechas asociadas al nombre 1940-
710 2# - ENTRADA AGREGADA--NOMBRE DE ENTIDAD CORPORATIVA
Nombre de entidad corporativa o nombre de jurisdicción como elemento de entrada Cecchi Gori Group (Firm)
710 2# - ENTRADA AGREGADA--NOMBRE DE ENTIDAD CORPORATIVA
Nombre de entidad corporativa o nombre de jurisdicción como elemento de entrada Melampo cinematografica.
710 2# - ENTRADA AGREGADA--NOMBRE DE ENTIDAD CORPORATIVA
Nombre de entidad corporativa o nombre de jurisdicción como elemento de entrada Miramax Films.
942 ## - ELEMENTOS DE ENTRADA SECUNDARIOS (KOHA)
Fuente del sistema de clasificación o colocación Clasificación de Library of Congress
Tipo de ítem Koha
Holdings
Estatus retirado Estado de pérdida Fuente del sistema de clasificación o colocación Estado de daño No para préstamo Biblioteca de origen Biblioteca actual Ubicación en estantería Fecha de adquisición Signatura topográfica completa Código de barras Visto por última vez Copia número Tipo de ítem Koha
    Clasificación de Library of Congress     Biblioteca Juan Bosch Biblioteca Juan Bosch Colección Multimedia (Humanidades 4to. Piso) 25/10/2018 CM DVD 01316 00000025782 25/10/2018 1